| 000 | 01246cam a2200361 a 4500 | ||
|---|---|---|---|
| 003 | CHAP | ||
| 005 | 20220329142127.0 | ||
| 008 | 990826d1999 mx a r 00110 spa d | ||
| 010 | _a78853 | ||
| 011 | _a79825 | ||
| 020 | _a970150271X | ||
| 035 | _a90239 | ||
| 040 | _cCHAP | ||
| 082 | 0 | 4 |
_a515 _bB4 |
| 100 | 0 | 0 |
_aBermejo Herrero, Miguel. _911840 |
| 245 | 1 | 0 |
_aGeometría descriptiva aplicada _c/por Miguel Bermejo Herrero |
| 260 |
_aMéxico, D.F. : _bAlfaomega, _c1999. |
||
| 300 |
_a274 p. : _bilus. ; gráfs. |
||
| 490 | 0 |
_aTébar _v; 271 |
|
| 590 |
_aBATCH-UPD _b10 _c20130110 _lUCH01 _h0453 |
||
| 590 |
_aBATCH-UPD _b10 _c20130110 _lUCH01 _h2141 |
||
| 590 |
_aBATCH-UPD _b10 _c20130410 _lUCH01 _h0130 |
||
| 590 |
_aBATCH-UPD _b10 _c20130914 _lUCH01 _h0608 |
||
| 590 |
_aCONVERSION _b10 _c20130109 _lUCH01 _h1344 |
||
| 650 | 1 | 4 |
_aGeometría descriptiva. _947655 |
| 830 | 0 | 0 |
_aTébar _v; 271 _9113523 |
| 901 | _aBK | ||
| 905 | _aLilia Sánchez G. | ||
| 942 | _cLIBRO | ||
| 949 |
_a515 B4 _bBC _cLIBRO _d33724000738381 _eLIBRO _gI.199126 _h96270 _i90239 _si |
||
| 949 |
_a515 B4 _bBC _cLIBRO _d33724000793246 _eLIBRO _fc.2 _gI.208340 _h99066 _i90239 _si _t$125.80 |
||
| 949 |
_a515 B4 _bBC _cLIBRO _d33724000822524 _eLIBRO _fc.3 _gI.211040 _h99658 _i90239 _sb _t$133.20 |
||
| 999 |
_c78853 _d78853 |
||